000 00502nam a2200169 i 4500
001 114093
003 ES-MaACL
005 20230906190057.0
007 t|
008 061121s1934 xxk r ||||1| eng d
100 1 _aPakington, Humphrey.
_988354
245 1 0 _aEnglish Villages and hamlets /
_cby Humphrey Pakington ; with a foreword by E. V. Knox.
260 _aLondon :
_bB. T. Batsford,
_c1934.
300 _a120 p. :
_bil ;
_c23 cm.
700 1 _aKnox, E. V.
_968379
852 _aES-MaACL
_jA-2842
999 _c114093
_d114093